000 00753nam a22002057a 4500
999 _c7109
_d7109
003 AR-CdUCM
008 190319b ||||| |||| 00| 0 spa d
040 _aMUNICIPALIDAD PROVINCIAL DEL CUSCO
_cBIBLIOTECA MUNICIPAL DEL CUSCO
082 _a551.9 /
_bF38
100 _aFersman, A. E.
_920033
245 _aGeoquímica recreativa /
260 _aMoscú :
_b MIR,
_c1966.
300 _a515 paginas;
_c22 cm.
505 _aContenido :El átomo -- Los elementos químicos en la naturaleza -- Historia del átomo en la naturaleza -- Pasado y futuro de la geoquímica -- El geoquímico en el campo ...
650 _aGeoquímica
_920034
650 _aRecreaciones
_920035
700 _aBlanco, F. (traductor)
_920036
942 _2ddc
_cLIBROS
945 _arum